| 000 | 00523cam a22001457a 4500 | ||
|---|---|---|---|
| 008 | 180718b1990 xxu||||| |||| 00| 0 eng d | ||
| 100 | _aClaessens, Stijn | ||
| 245 |
_aMethodological Issues in Evaluating Debt-Reducing Deals _cby Stijn Claessens and Ishac Diwan |
||
| 260 |
_aWashington, D.C. _bIBRD _c1990 |
||
| 300 | _a37p. | ||
| 440 | _aWorking Papers WPS 408 | ||
| 650 | _aDebt equity conversion --Developing countries --Evaluation | ||
| 650 | _aDebt relief --Developing countries --Evaluation | ||
| 700 | _aDiwan, Ishac | ||
| 999 |
_c226265 _d226265 |
||